Análisis cuantitativo para toma de decisiones

I tiakina i:
Ngā taipitopito rārangi puna kōrero
Kaituhi matua: Bierman, Harold
Ētahi atu kaituhi: Bonini, Charles P, Hausman, Warren H
Hōputu: Pukapuka
Reo:Pāniora
I whakaputaina: Wilmington Addison-Wesley 1994
Ngā marau:
Ngā Tūtohu: Tāpirihia he Tūtohu
Kāore He Tūtohu, Me noho koe te mea tuatahi ki te tūtohu i tēnei pūkete!

MARC

LEADER 00000nam a2200000 a 4500
001 UCY4702
003 CL-VaPUC
005 20230905074209.0
008 950327e19940000US |||||||||||||||||spa|d
999 |c 232478  |d 232476 
040 |c Pontificia Universidad Católica de Valparaíso 
082 0 4 |a 658.403 BIE 1994  |2 21 
100 |a Bierman, Harold  |9 413974 
245 1 0 |a Análisis cuantitativo para toma de decisiones 
260 |a Wilmington  |b Addison-Wesley  |c 1994 
300 |a 756 páginas 
583 |a last modification  |c 20180511 01:08:57  |k Rodrigo Vera 
650 0 |a Administración de empresas   |9 260833 
650 0 |a Modelos matemáticos   |9 259437 
650 0 |a Toma de decisiones   |9 257530 
700 0 |a Bonini, Charles P  |9 333172 
700 0 |a Hausman, Warren H  |9 333173 
942 |c BK  |2 ddc 
945 |d 19950327 00:00:00  |a mfernand 
952 |0 0  |1 0  |2 ddc  |4 0  |6 658_403000000000000_BIE_1994  |7 0  |8 R  |9 237014  |a BIBENE  |b BIBENE  |d 2019-11-15  |i 3069311  |o 658.403 BIE 1994  |p 3069311  |r 2025-01-15  |t 1  |w 2019-11-15  |y BK_R  |k ICO